| 000 | 00603nam a2200205Ia 4500 | ||
|---|---|---|---|
| 008 | 131103s9999 xx 000 0 und d | ||
| 020 | _a0-590-45736-5 | ||
| 040 | _aLoreto College | ||
| 041 | _aEnglish | ||
| 082 |
_a920/MCK _bLCBED/12397 |
||
| 100 | _aMckissack, Patricia C. | ||
| 245 |
_aRebels against slavery _cPatricia C.Mckissack and Fredrick L.Mckissack |
||
| 260 |
_aNew York _bScholastic _c[19?] |
||
| 300 |
_a181p _c 21cm. |
||
| 504 | _aIncludes bibilographical references & index | ||
| 650 | _aBiography | ||
| 700 | _aMckissack, Fredrick L. | ||
| 850 | _aLCBED/920/MCK | ||
| 942 | _cBK | ||
| 999 |
_c30604 _d81083 |
||